| 000 | 00389nam a2200145Ia 4500 | ||
|---|---|---|---|
| 008 | 230519s9999 xx 000 0 und d | ||
| 020 | _a978-81-239-2010-8 | ||
| 041 | _aeng | ||
| 082 | _aM/616.01/T R/DB0350 | ||
| 100 |
_aT Ravinder _9180344 |
||
| 245 | _aMicrobiology for Nurses | ||
| 260 |
_bCBS Publishers & Distributors _aNew Delhi _c2011 |
||
| 300 | _a160 | ||
| 999 |
_c159165 _d159165 |
||